00702nam a2200241 a 4500001001300000003000900013005001700022008004100039020001000080082001300090100001900103245003800122260004200160300000900202500003500211505002200246650001300268700001900281902000800300942000700308952012800315999001700443nice12345678IN_TiNIC20260116014954.0080522s1992 graa grp 000 0 eng  ac92800a230bSMI aSmith, David L aHandbook of Contemporary Theology aGrand RapidsbBaker Book House c1992 a394p aincludes index and biblioraphy2 aappendix, indices aTheology1 aSmith, David L bSRS cBK 001040708StackRoom-aHMIbHMId2008-05-22g928.00l1o230 SMIp11002078r2023-11-17s2023-10-25v928.00w2008-05-22yBK c17780d17780